[Event "Romanian-ch Open 2022"]
[Site "Eforie Nord"]
[Date "2022.02.21"]
[Round "2.1"]
[White "Lupulescu, Constantin"]
[Black "Doncea, Vladimir"]
[Result "1-0"]
[WhiteElo "2620"]
[BlackElo "2367"]
[Annotator "TA"]
[PlyCount "33"]
[EventDate "2022.02.20"]
[EventType "swiss"]
[EventCountry "ROU"]
[SourceTitle "playchess.com"]
[Source "ChessBase"]
[SourceQuality "1"]

{[%evp 9,33,0,0,-12,23,15,20,16,67,55,140,139,147,179,256,231,285,279,256,284,278,264,745,480,834,531]} 1. e4 e5 2. Nf3 Nc6 3. Bc4 Bc5 4. O-O Nf6 5. Re1 Ng4 6. Re2 {C50: Hungarian Defence and Giuoco Pianissimo.} (6. Rf1 $5 {[%cal Rc2c3]}) 6... Nd4 (6... f5 $5 7. exf5 d5 $15) 7. Nxd4 Bxd4 {[#]} 8. h3 $146 {The position is equal.} ({Predecessor:} 8. c3 Qh4 9. h3 Bxf2+ 10. Rxf2 Qxf2+ 11. Kh1 Nf6 12. d4 exd4 13. cxd4 Nxe4 14. Nc3 Nxc3 15. bxc3 {0-1 (29) Machado,W (1944)-Siqueira,A (1922) Rio de Janeiro 2009}) 8... h5 9. c3 $1 $14 (9. hxg4 hxg4 10. g3 Qf6 $11) 9... Bb6 (9... Nxf2 $14 10. Rxf2 Bxf2+ 11. Kxf2 Qh4+ 12. Kg1 Qxe4) 10. d4 $16 Qf6 {[%cal Od7d6]} 11. Nd2 {[%cal Bb1d2,Bd2e4,Be4g5,Bg5f3][%mdl 32]} (11. hxg4 hxg4 12. Re1 (12. Qb3 Qh4) 12... Qh4 $16) 11... exd4 {[#]} (11... d6 {is a better defense.} 12. Nf3 (12. hxg4 hxg4 13. Re3 exd4 $15) 12... Qg6) 12. e5 $1 $18 ({Wrong is} 12. hxg4 $2 hxg4 13. Nf3 gxf3 $19) 12... Qg6 {Threatens to win with ...d3.} (12... Nxe5 $2 13. Nf3 d6 14. cxd4 Bxd4 15. Bg5 $18) 13. cxd4 ({Not} 13. hxg4 $2 hxg4 14. g3 (14. e6 $2 fxe6 15. Re4 Qh5 $19) 14... Qh5 $19) 13... Bxd4 14. Ne4 (14. hxg4 hxg4 15. Re4 Qh5 $11) 14... Nxe5 {[%cal Oe8g8]} 15. Ng5 Qd6 $2 (15... O-O) 16. Bf4 {[#] Strongly threatening Nxf7.} Rf8 (16... f6 $142 17. Nf7 Bxf2+ 18. Kh1 (18. Rxf2 Qxd1+ 19. Rxd1 Nxf7 $16) 18... Qxd1+ 19. Rxd1 d6 20. Nxh8 Bb6) 17. Nf3 {Black got outplayed after the opening.  Weighted Error Value: White=0.19 (very precise) /Black=0.51} 1-0

[Event "Romanian-ch Open 2022"]
[Site "Eforie Nord"]
[Date "2022.02.21"]
[Round "2.2"]
[White "Manea, Alexandru"]
[Black "Parligras, Mircea-Emilian"]
[Result "1/2-1/2"]
[WhiteElo "2355"]
[BlackElo "2575"]
[Annotator "TA"]
[PlyCount "54"]
[EventDate "2022.02.20"]
[EventType "swiss"]
[EventCountry "ROU"]
[SourceTitle "playchess.com"]
[Source "ChessBase"]
[SourceQuality "1"]

{[%evp 29,54,0,0,0,0,0,0,0,0,0,0,0,0,0,0,0,0,0,0,0,0,0,0,-11,-21,-17,0]} 1. e4 {Tsesarsky,I} c5 2. c3 Nf6 3. e5 Nd5 4. d4 cxd4 5. Nf3 d6 6. cxd4 Nc6 7. Bc4 Nb6 8. Bb5 dxe5 9. Nxe5 Bd7 10. Nc3 Nxe5 11. dxe5 Bxb5 12. Nxb5 Qxd1+ 13. Kxd1 Nd5 14. Ke2 a6 15. Rd1 O-O-O $1 {The position is equal.} 16. Nd4 {B22: Sicilian: 2 c3.} e6 17. Bg5 Rd7 18. Rac1+ Kb8 19. Nb3 h6 20. Be3 Be7 21. g3 b6 {[#]} 22. h4 $146 ({Predecessor:} 22. Bd4 Kb7 23. a3 a5 24. Rd3 Rhd8 25. Rcd1 a4 26. Nc1 Rc8 27. Rf3 Bc5 28. Bxc5 Rxc5 {0-1 (57) Golod,V (2535)-Tsesarsky,I (2425) Givataim 1998 CBM 065 [Tsesarsky,I]}) 22... Kb7 23. Rd4 Rhd8 24. Bd2 h5 25. Rc2 Rc8 26. Rdc4 Rxc4 27. Rxc4 g6 {Not much happened in this game.  Weighted Error Value: White=0.01 (flawless) /Black=0.00 (flawless)} 1/2-1/2

[Event "Romanian-ch Open 2022"]
[Site "Eforie Nord"]
[Date "2022.02.21"]
[Round "2.3"]
[White "Antonica, Dragos-Andrei"]
[Black "Nanu, Costica-Ciprian"]
[Result "0-1"]
[WhiteElo "2350"]
[BlackElo "2513"]
[Annotator "TA"]
[PlyCount "92"]
[EventDate "2022.02.20"]
[EventType "swiss"]
[EventCountry "ROU"]
[SourceTitle "playchess.com"]
[Source "ChessBase"]
[SourceQuality "1"]

{[%evp 9,92,-8,31,19,29,6,8,14,12,3,15,20,16,16,19,24,102,12,13,8,2,0,5,-8,0,-20,-34,-57,-24,-27,-23,-37,-35,-44,-45,-43,-39,-50,-42,-51,-44,-44,-44,-56,-56,-57,-43,-45,-52,-54,-43,-113,-97,-132,-110,-116,-114,-286,-307,-287,-300,-536,-389,-386,-383,-366,-252,-285,-254,-314,-274,-306,-302,-302,-296,-709,-690,-632,-595,-695,-692,-617,-607,-1009,-950]} 1. b3 d5 2. Bb2 Bg4 3. f3 Bh5 4. h4 f6 5. d4 {[#]} c6 $146 {[%cal Oe7e5]} ({Predecessor:} 5... e6 6. e3 Bd6 7. Ne2 Ne7 8. Nbc3 c6 9. Qd2 Nd7 10. O-O-O Qc7 11. g4 Bf7 {½-½ (44) Nepomniachtchi,I (2789)-Grandelius,N (2670) chess24.com INT 2021}) 6. Nc3 {A01: Nimzowitsch-Larsen Opening.} Qc7 7. e3 Qg3+ 8. Kd2 {The position is equal.} Nd7 9. Qe1 Qc7 10. Rd1 O-O-O 11. Kc1 e5 12. Nge2 Bd6 {[#]} (12... a6 $11 {keeps the balance.}) 13. g4 (13. e4 $1 $16) 13... Bf7 14. Bh3 Ne7 15. Kb1 Rhe8 16. dxe5 fxe5 17. g5 Kb8 18. Ng3 Nf8 19. Nce2 g6 20. Qd2 Be6 21. Bg2 Bc8 22. Rdf1 $1 Ne6 23. f4 exf4 24. exf4 Rf8 {[%cal Re6f4]} 25. Bf6 Rde8 26. Bh3 Ng8 27. Bxe6 Bxe6 28. Bb2 Bg4 29. Rf2 Ka8 30. Bc1 ({White should play} 30. h5 $15) 30... Ne7 $17 {Black is more active.} 31. Nd4 a6 32. Re1 Qd7 {To avoid Ne6} 33. Nf1 $2 {Loses the game.} (33. Nde2 $17) 33... c5 $19 34. Ne2 d4 {Prevents Ne3.} 35. c3 $2 (35. Nh2 {was the only defense.} Bh3 36. Nf1) 35... Bf5+ {This bishop pair is nice.} 36. Ka1 Nd5 37. Nfg3 Ne3 {And now ...Nc2+ would win.} 38. Nxf5 Qxf5 ({And not} 38... Rxf5 39. h5 $17) 39. Kb2 {Inhibits Nc2.} Qd5 {aiming for ...Ng4.} 40. Rg1 d3 41. c4 Qe4 42. Nc3 (42. Qxe3 Qxe3 43. Bxe3 Rxe3 44. Nc1) 42... Qd4 {Black is clearly winning.} 43. Re1 {[%cal Re1e3] [#]} Rxf4 $1 44. Rxf4 (44. Kb1 Ref8) 44... Bxf4 45. Kb1 Rd8 46. Na4 {[#]} Nc2 $1 {Weighted Error Value: White=0.43/Black=0.15 (very precise)} 0-1

[Event "Romanian-ch Open 2022"]
[Site "Eforie Nord"]
[Date "2022.02.21"]
[Round "2.4"]
[White "Patrascu, Catalin-Lucian"]
[Black "Miron, Lucian-Costin"]
[Result "1/2-1/2"]
[WhiteElo "2310"]
[BlackElo "2511"]
[Annotator "TA"]
[PlyCount "133"]
[EventDate "2022.02.20"]
[EventType "swiss"]
[EventCountry "ROU"]
[SourceTitle "playchess.com"]
[Source "ChessBase"]
[SourceQuality "1"]

{[%evp 10,133,25,25,26,25,24,34,31,14,47,-23,-23,-23,-27,-25,-15,-26,-18,-18,-17,-17,-29,-37,-19,-22,-22,-52,-52,-45,-34,-34,-34,-35,-35,-39,-34,-39,-34,-38,0,0,0,0,0,-1,-1,-1,-2,-3,-10,-28,-17,-25,-1,-1,0,0,0,0,0,0,0,0,0,0,0,0,0,0,0,0,0,0,0,0,0,0,0,0,0,0,0,0,0,0,0,0,0,0,0,0,0,0,0,0,0,0,0,0,0,0,0,0,0,0,0,0,0,0,0,0,0,0,0,0,0,0,0,0,0,0,0,0,0,0]} 1. e4 c5 2. Nf3 d6 3. Bb5+ Nc6 4. O-O Bd7 5. Re1 Nf6 6. c3 a6 {B51: Sicilian: Moscow Variation (3 Bb5+) without 3...Bd7.} 7. Bc4 Bg4 $1 {7...Bg4 scores better than 7...b5.} 8. d4 Bxf3 {White is slightly better.} 9. gxf3 e6 10. dxc5 (10. d5 $14 Ne5 11. Bf1) 10... dxc5 $11 11. Qxd8+ Rxd8 12. Be3 g5 {[#]} 13. Be2 $146 ({Predecessor:} 13. Nd2 Rg8 14. Be2 Ne5 15. Kf1 Bd6 16. a4 a5 17. Red1 Ke7 18. Bb5 Nh5 19. Ke2 {1-0 (39) Patrascu,C (2280)-Perunovic,M (2612) Baile Govora 2017}) 13... Nh5 14. Nd2 Nf4 15. Kf1 Rg8 {[%cal Bh8g8,Bg8g6,Bg6h6][%mdl 32]} 16. a4 Rg6 17. Nc4 Rh6 18. Bxf4 gxf4 19. Kg2 Bd6 20. Red1 Ke7 21. Kh1 Rg6 22. Rd2 Be5 23. Rxd8 Kxd8 24. Rg1 b5 25. axb5 axb5 26. Nxe5 Nxe5 27. Bxb5 Nxf3 {[%csl Gf3][%cal Rg6g1] [#]} 28. Rxg6 fxg6 {[%mdl 4096] Endgame KB-KN} 29. Be2 Ne5 30. b4 Kc7 31. Kg2 g5 32. f3 {The position is equal.} Kd6 33. h4 {Threatens to win with bxc5+.} h6 34. hxg5 hxg5 35. Kh3 Kc6 36. Kg2 Kb6 37. Kh3 Kc7 38. Kg2 Kc6 39. Kh3 Kd6 40. Kg2 Kc7 41. Kh3 Kd6 42. Kg2 cxb4 43. cxb4 Nc6 44. Kh3 Nxb4 45. Kg4 Kc5 46. Kxg5 e5 47. Bf1 Nc2 48. Bh3 Kd4 49. Kf6 Ne1 50. Bg4 Nd3 51. Bh5 Nf2 52. Ke6 Nh1 53. Kf6 Ng3 54. Bg4 Nf1 55. Bh5 Nd2 56. Bg4 Nc4 57. Bh5 Nb2 58. Bg4 Nd3 59. Bh5 Ke3 60. Ke6 Kd4 61. Kf6 Nf2 62. Ke6 Nxe4 63. fxe4 Kxe4 64. Bg4 Kd4 65. Kf5 Ke3 66. Kxe5 f3 67. Bxf3 {Weighted Error Value: White=0.05 (flawless) /Black=0.04 (flawless)} 1/2-1/2

[Event "Romanian-ch Open 2022"]
[Site "Eforie Nord"]
[Date "2022.02.21"]
[Round "2.5"]
[White "Nastore, Pavel-Alexandru"]
[Black "Manolache, Marius"]
[Result "0-1"]
[WhiteElo "2306"]
[BlackElo "2485"]
[Annotator "TA"]
[PlyCount "52"]
[EventDate "2022.02.20"]
[EventType "swiss"]
[EventCountry "ROU"]
[SourceTitle "playchess.com"]
[Source "ChessBase"]
[SourceQuality "1"]

{[%evp 21,52,0,0,0,20,16,37,29,44,28,29,-6,5,8,0,-22,0,-68,-73,-117,-115,-238,-236,-250,-217,-256,-243,-293,-303,-336,-322,-288,-281]} 1. e4 c5 2. Nf3 e6 3. d4 cxd4 4. Nxd4 a6 5. Nc3 Qc7 6. a3 Nc6 7. Be2 Nf6 8. Be3 Be7 9. O-O O-O 10. f4 d6 11. Kh1 Re8 {11...Nxd4 is the modern continuation.} 12. Bf3 {B48: Sicilian: Taimanov: 5 Nc3 Qc7 6 Be3 a6 without Be2.} Bd7 13. Nb3 Rab8 {[#]} 14. g4 $146 {[%cal Bg2g4,Bg4g5][%mdl 32] [#] Strongly threatening g5. White is slightly better.} ({Predecessor:} 14. Qe1 b5 15. Qg3 b4 16. Ne2 e5 17. a4 Be6 18. Nd2 Na5 19. f5 Bd7 20. b3 {½-½ (54) Digesh,S (2217)-Prasad,D (2395) Chennai 2004}) 14... Bc8 15. g5 Nd7 16. Ne2 Bf8 17. c3 b5 18. Ned4 Bb7 19. Qe1 ({Better is} 19. Nxc6 $11 Bxc6 20. Qc2) 19... Nxd4 $1 $15 20. Nxd4 (20. Bxd4 $142 e5 21. fxe5) 20... Nc5 $17 21. Bf2 {Now White is beyond hope.} (21. Qe2 $17) 21... e5 $19 22. fxe5 Rxe5 {[%cal Rc5e4,Be8e5,Be5g5,Bg5g6,Bg6e6][%mdl 32]} 23. Bg3 Rxg5 24. Bf4 Rg6 {Black has a decisive advantage.} 25. Nf5 Re8 26. Ng3 Rge6 {Weighted Error Value: White=0.30/Black=0.05 (flawless)} 0-1

[Event "Romanian-ch Open 2022"]
[Site "Eforie Nord"]
[Date "2022.02.21"]
[Round "2.6"]
[White "Istratescu, Andrei"]
[Black "Dobre, Claudiu-Cristian"]
[Result "1/2-1/2"]
[WhiteElo "2470"]
[BlackElo "2298"]
[Annotator "TA"]
[PlyCount "29"]
[EventDate "2022.02.20"]
[EventType "swiss"]
[EventCountry "ROU"]
[SourceTitle "playchess.com"]
[Source "ChessBase"]
[SourceQuality "1"]

{[%evp 20,29,4,0,5,8,9,-5,0,0,7,-14]} 1. c4 c6 2. d4 d5 3. Nf3 Nf6 4. Nc3 e6 5. Bg5 Nbd7 6. cxd5 exd5 7. e3 Qa5 8. Bd3 Ne4 9. O-O Nxg5 10. Nxg5 Nf6 11. Qc2 {The position is equal.} h6 {D52: Queen's Gambit Declined: Cambridge Springs Variation.} 12. Nf3 Bd6 13. a3 Qc7 14. Rfc1 {[%cal Oc3b5] [#]} Qe7 $146 ({Predecessor:} 14... a6 15. h3 O-O 16. b4 Qe7 17. Nd2 Re8 18. Na4 Bc7 19. Nc5 Qd6 20. Nf3 Qe7 {1-0 (53) Johansson,L (2454)-Berg,O (2226) Helsingor 2018}) 15. h3 {An uneventful encounter.  Weighted Error Value: White=0.05 (flawless) /Black=0.04 (flawless)} 1/2-1/2

[Event "Romanian-ch Open 2022"]
[Site "Eforie Nord"]
[Date "2022.02.21"]
[Round "2.7"]
[White "Martian, Dragos-Daniel"]
[Black "Georgescu, Tiberiu-Marian"]
[Result "0-1"]
[WhiteElo "2270"]
[BlackElo "2467"]
[Annotator "TA"]
[PlyCount "112"]
[EventDate "2022.02.20"]
[EventType "swiss"]
[EventCountry "ROU"]
[SourceTitle "playchess.com"]
[Source "ChessBase"]
[SourceQuality "1"]

{[%evp 12,112,15,12,8,0,0,0,0,0,0,0,6,-25,-13,-7,0,-16,-27,-11,-17,-3,-12,-18,-13,-11,-11,-15,-16,-22,-28,-37,-27,-85,-64,-88,-70,-181,-171,-232,-232,-229,-216,-366,-330,-275,-215,-211,-183,-260,-241,-235,-174,-311,-272,-437,-430,-485,-477,-483,-458,-854,-532,-528,-440,-400,-328,-336,-341,-338,-310,-370,-306,-243,-220,-240,-229,-368,-358,-454,-424,-429,-420,-410,-401,-503,-484,-523,-556,-1470,-1368,-29988,-29988,-29988,-29989,-29994,-29992,-29992,-29993,-29993,-29994,-29994,-381]} 1. e4 e5 2. Nf3 Nc6 3. Bc4 Bc5 4. c3 Nf6 5. d3 O-O 6. O-O d6 7. Bb3 a5 $1 {[%mdl 4] is recently more successful than 7...a6. C54: Giuoco Piano: 4 c3 Nf6, main lines with 5 d4 and 5 d3.} 8. Nbd2 Be6 9. h3 Bxb3 {The position is equal.} 10. Nxb3 a4 {[#]} 11. Nxc5 $146 ({Predecessor:} 11. Nbd2 d5 12. Nxe5 Nxe5 13. d4 Nd3 14. e5 Nd7 15. dxc5 N3xe5 16. b4 axb3 17. Nxb3 {1-0 (48) Holtman,T (2248)-Velicka,P (2446) Vysna Boca 2017}) 11... dxc5 12. Bg5 h6 13. Bh4 Qd6 14. Nh2 g5 15. Bg3 c4 16. Qf3 {[%cal Od3d4]} cxd3 17. Rad1 Rad8 $36 {[%mdl 2048] Black has the initiative.} 18. h4 Kg7 19. hxg5 hxg5 20. Qf5 Nh7 {Active counter play!} 21. Ng4 {[%cal Rg4e5]} f6 22. Qf3 (22. Rd2 $11) 22... Qe6 {Black converts the advantage convincingly.} 23. Ne3 Ne7 24. a3 ({Wrong is} 24. Qh5 $2 Qxa2 25. Rd2 a3 $17) (24. b3 $15) 24... b5 $19 25. Rd2 {[#]} (25. Nf5+ $142 Nxf5 26. exf5) 25... c5 $1 26. c4 bxc4 27. Qd1 (27. Qg4 $142 Qxg4 28. Nxg4) 27... Rd4 28. f3 Rfd8 29. Bf2 Nf8 {[%cal Bh7f8,Bf8e6,Be6d4][%mdl 32]} 30. Re1 (30. Be1 {is a better defense.}) 30... Qd7 31. Qc1 Qb5 32. Nd1 (32. g3 $142) 32... Ne6 33. g3 $2 (33. Bg3) 33... R4d7 34. Be3 Nd4 35. Nc3 {Prevents Ne2+.} Qc6 ({Avoid the trap} 35... Nxf3+ $2 36. Kf2 Nxd2 37. Nxb5 Nxe4+ 38. Kg2 $19) 36. Rf2 (36. Qd1 $142 Rh8 37. Rf1) 36... Rh8 {Strongly threatening ...Qe6.} 37. Kg2 Qe6 38. Rh1 {Inhibits Qh3+.} Rdd8 {[#] ...Rxh1 is the strong threat.} 39. Rff1 Qd7 40. Qd1 Nb3 41. Bd2 Rxh1 42. Rxh1 Rh8 43. Rxh8 Kxh8 44. Qe1 (44. Be3 $142) 44... Kg7 {[%cal Bh8g7,Bg7g6,Bg6f7][%mdl 32]} 45. Qe3 Kg6 46. Qf2 Nd4 47. Qe3 Kf7 48. Bc1 g4 49. fxg4 Qxg4 50. Nxa4 Ng6 {( -> ...Nf4+)} 51. Nxc5 Nf4+ {Black mates.} 52. Kf2 Nfe2 {Pair of Knights!} 53. b3 Nxc1 54. bxc4 d2 55. Qxd2 Qf3+ 56. Ke1 Qh1+ {Weighted Error Value: White=0.53/Black=0.17 (very precise)} 0-1

[Event "Romanian-ch Open 2022"]
[Site "Eforie Nord"]
[Date "2022.02.21"]
[Round "2.8"]
[White "Anton, Teodor"]
[Black "Filip, Andrei"]
[Result "0-1"]
[WhiteElo "2457"]
[BlackElo "2216"]
[Annotator "TA"]
[PlyCount "130"]
[EventDate "2022.02.20"]
[EventType "swiss"]
[EventCountry "ROU"]
[SourceTitle "playchess.com"]
[Source "ChessBase"]
[SourceQuality "1"]

{[%evp 21,130,-4,-9,-6,-7,-5,-13,-2,-3,-3,0,-5,1,-21,-22,-17,-27,-36,-18,-35,-34,-37,-28,-30,-36,-47,-31,-40,-44,-35,-12,-13,-16,-10,0,-42,0,-8,0,0,0,0,3,0,64,8,14,0,53,0,0,-10,0,0,0,0,0,0,0,0,0,0,0,-161,-159,-162,-153,-160,-163,-160,-160,-160,-160,-167,-142,-158,-147,-148,-139,-160,-160,-158,-134,-134,-134,-213,-213,-212,-210,-386,-368,-575,-556,-529,-370,-352,-352,-356,-326,-591,-568,-540,-484,-1726,-1572,-1797,-1224,-29981,-29982,-29983,-29983]} 1. Nf3 Nf6 2. c4 e6 3. g3 d5 4. Bg2 dxc4 5. Qa4+ Nbd7 {[%cal Bb8d7,Bd7e5,Be5c4][%mdl 32]} 6. Qxc4 c5 7. O-O b6 8. Nd4 Ne5 9. Nc6 Nxc4 10. Nxd8 Nd5 11. Nc3 Kxd8 12. Nxd5 {[%cal Od5b4] And now Nb4! would win. A13: English Opening: 1...e6.} Bb7 $1 (12... exd5 13. Bxd5 Rb8 14. Bxc4 $16) 13. Nc3 Bxg2 14. Kxg2 {The position is equal.} Be7 15. d3 Nd6 {[#]} 16. e4 $146 ({Predecessor:} 16. Bf4 Kd7 17. Rad1 Bf6 18. e4 Bd4 19. Bxd6 Bxc3 20. bxc3 Kxd6 21. f4 Rhd8 22. Kf3 Ke7 23. Ke3 Rd7 {½-½ (23) Tann,R (1919)-Lannaioli,A (1955) IECG email 2000}) 16... Kc7 17. Bf4 Rhd8 {[%cal Bh8d8,Bd8d7,Bd7a7][%mdl 32]} 18. Rad1 Kb7 19. g4 a6 {[%cal Ba7a6,Ba6b5,Bb5b4][%mdl 32]} 20. Be3 Nb5 21. f4 Rd7 22. Kf3 Rad8 {Hoping for ...Nxc3.} 23. Nxb5 axb5 24. Ke2 b4 25. b3 Kc6 26. Rd2 $1 Ra7 27. Rc1 Kb5 28. Kf3 (28. Rcc2 $11 {is more appropriate.}) 28... Rad7 29. Rcd1 Bf6 30. e5 Be7 31. Ke4 Rc8 32. f5 Bd8 (32... Rcd8 $11) 33. Rf1 (33. d4 $14 c4 34. bxc4+ Rxc4 35. Rb2) 33... Bc7 $11 34. d4 Rcd8 (34... exf5+ $1 $11 35. Rxf5 (35. Kxf5 Re8 $17) 35... Re8) 35. Rfd1 ({White should try} 35. f6 $1 $14 g6 36. Rc1) 35... Rd5 36. Rd3 R8d7 37. Bf4 Bb8 38. h4 g6 39. fxe6 fxe6 40. Bg5 Ra7 41. R1d2 Kc6 42. dxc5 $2 {Black converts the advantage convincingly.} (42. Bf6 $11) 42... Rxe5+ $19 43. Kf3 Rf7+ ({Stronger than} 43... Rxc5 44. Re3 $15) 44. Kg2 bxc5 ({Worse is} 44... Rxc5 45. Re2 $15) 45. Rf3 Rxf3 46. Kxf3 $17 {[%mdl 4096] Endgame aiming for Bf4. KRB-KRB} Rd5 47. Rc2 Rd3+ 48. Be3 Bd6 49. Ke4 Rd1 50. Bf2 Rh1 51. Rd2 h6 52. Kf3 Rh3+ 53. Kg2 (53. Ke4 $17) 53... Rc3 $1 $19 54. Re2 e5 55. h5 $2 {[#]} (55. Be3) 55... g5 $1 56. Bg3 (56. Be1 $142 Rd3 57. Kf1) 56... e4 57. Be1 Rc1 58. Rxe4 {[#]} Rc2+ 59. Kf3 Rxa2 {Threatens to win with ...Ra3.} 60. Re6 $2 (60. Re3) 60... Ra3 61. Rxh6 Rxb3+ 62. Ke2 (62. Ke4 $142 Rh3 63. Bd2) 62... Rh3 63. Kd1 b3 {( -> ...Rh1)} 64. Rg6 Rh1 65. Rxg5 {[#]} Rxe1+ $1 {[%mdl 512] Weighted Error Value: White=0.46/Black=0.10 (very precise)} 0-1

[Event "Romanian-ch Open 2022"]
[Site "Eforie Nord"]
[Date "2022.02.21"]
[Round "2.9"]
[White "Voiteanu, Gabriel"]
[Black "Ghimpu, Samuel-Timotei"]
[Result "0-1"]
[WhiteElo "2207"]
[BlackElo "2420"]
[Annotator "TA"]
[PlyCount "66"]
[EventDate "2022.02.20"]
[EventType "swiss"]
[EventCountry "ROU"]
[SourceTitle "playchess.com"]
[Source "ChessBase"]
[SourceQuality "1"]

{[%evp 12,66,-61,-68,-63,-55,-48,-81,-85,-177,-159,-199,-196,-206,-216,-196,-201,-284,-270,-303,-291,-363,-354,-463,-383,-375,-299,-359,-305,-456,-327,-372,-339,-306,-300,-335,-340,-352,-191,-730,-720,-1589,-1562,-1753,-1701,-29972,-29975,-29971,-29975,-29975,-29976,-29963,-29951,-5389,-849,-29986,-784]} 1. d4 Nf6 2. c4 e6 3. Nc3 Bb4 4. e3 b6 5. Bd3 Bb7 {[%cal Bc8b7,Bb7g2,Bg2f3][%mdl 32]} 6. Nge2 Bxg2 7. Rg1 Bf3 {Black is more active. E43: Nimzo-Indian: Rubinstein: 4...b6.} 8. Qc2 {8.Qc2 is better than 8.Rxg7.} Nc6 9. a3 {[#]} Bxc3+ $146 {Black is better.} ({Predecessor:} 9... Bd6 10. Rxg7 Kf8 11. Ng1 Bg4 12. Rxg4 Nxg4 13. h3 Nh2 14. Bd2 Qh4 15. O-O-O Qxf2 {1-0 (32) Gelfand,B (2741)-Vallejo Pons,F (2703) Leon 2010}) 10. bxc3 {[#]} (10. Qxc3 $17 Rg8 11. Rg3) 10... Nh5 $1 $19 11. Be4 Bxe4 12. Qxe4 f5 13. Qg2 Qh4 14. d5 (14. Nf4 $142 Nxf4 15. exf4) 14... exd5 15. cxd5 Ne5 {[%cal Bc6e5,Be5c4,Bc4a5,Ba5c4][%mdl 32]} 16. d6 c6 17. Nf4 O-O-O (17... Nxf4 $2 18. exf4 Nc4 19. Qg5 Qxg5 20. fxg5 $19) 18. Kf1 Nc4 {[%cal Oh4f6] aiming for ...Qf6!} 19. a4 Rde8 {[#] Threatens to win with ...Nxf4.} (19... Nxd6 $2 20. Qh3 Qxh3+ 21. Nxh3 $19) 20. a5 (20. Qh3 $142 Qxh3+ 21. Nxh3) 20... Nxa5 {Pair of Knights!} 21. Qf3 Nxf4 22. exf4 g6 (22... Qxh2 23. Rh1 Qxh1+ 24. Qxh1 $18) 23. Qd3 Kb7 (23... Qxh2 $2 24. Be3 Kb7 25. Qd4) 24. Be3 Re4 {Prevents Qd4.} ({But not} 24... Qxh2 $2 25. Qd4 Rhg8 26. Rxa5 Qh3+ 27. Rg2 Rxe3 28. Rxa7+ Kxa7 29. Qxe3 Qxe3 30. fxe3 $19) (24... Re6 $142 25. Rg2 Rhe8) 25. Ke2 $2 (25. f3 Qh3+ 26. Kf2 Qxh2+ 27. Rg2 Qh4+ 28. Kg1) 25... Nc4 26. Rgb1 Rhe8 27. Kd1 Qxh2 {[%cal Re4e3]} 28. Kc1 Rxe3 29. Qxc4 Re1+ 30. Kc2 Qxf2+ 31. Kb3 Rxb1+ 32. Rxb1 Qe2 {Hoping for ...Qxc4+.} ({Stronger than} 32... Re4 33. Qf7 Qf3 34. Qxd7+ Ka6 35. Qc8+ (35. Ra1+ $2 Kb5 $19) 35... Kb5 36. d7 Rb4+ 37. Ka2 Rxb1 38. Kxb1 Qf1+ 39. Ka2 Qe2+ 40. Ka1 Qf1+ 41. Ka2 Qe2+ 42. Ka1 Qe1+ 43. Kb2 Qe2+ 44. Ka1 $11) 33. Qf7 Qe6+ {White got outplayed after the opening.  Weighted Error Value: White=1.22/Black=0.47} (33... Qb5+ $142 34. Ka3 Qa5+ 35. Kb3 Re2 36. Qxd7+ Ka6 37. Qxc6 Qa2+ 38. Kb4 Qxb1+ 39. Kc4 Re4+ 40. Qxe4 fxe4 41. d7 Qd3+ 42. Kb4 Qxd7 43. f5 e3 44. fxg6 hxg6 45. Kc4 e2 46. Kb4 e1=Q 47. Kc4 Qb5+ 48. Kd4 Qee5#) 0-1